| 000 | 00470nam a2200181Ia 4500 | ||
|---|---|---|---|
| 008 | 240925s9999 xx 000 0 und d | ||
| 020 | _aNA | ||
| 082 | _a796.44 RAM | ||
| 100 | _aRamchand, Partab | ||
| 245 | 0 | _aGreat Indian Cricketers | |
| 250 | _aNA | ||
| 260 |
_aNew Delhi: _bVikas Publishing House Pvt Ltd _c,1977. |
||
| 300 |
_a199p. _bN.A _fPhotocopy |
||
| 500 | _aNA | ||
| 600 | _aHumanities & Natural Science | ||
| 650 | _aArts and Recreation | ||
| 942 | _cBK | ||
| 999 |
_c12080 _d12080 |
||